A guide to teaching practice
Saved in:
| Main Author: | |
|---|---|
| Other Authors: | , |
| Format: | Book |
| Language: | English |
| Published: |
London :
Routledge,
1996
|
| Edition: | 4th ed. |
| Subjects: | |
| Tags: |
Add Tag
No Tags, Be the first to tag this record!
|
MARC
| LEADER | 00000nam a2200000 i 4500 | ||
|---|---|---|---|
| 001 | 1/95051 | ||
| 008 | 991203s1996 eng d | ||
| 020 | |a 0-415-14221-0 | ||
| 035 | |l 10055121 | ||
| 040 | |a GR-MY-UA |b gre |e aacr | ||
| 041 | 0 | |a eng | |
| 082 | 0 | |a 370.733 | |
| 100 | 1 | |a Cohen, Louis, |d 1928- | |
| 245 | 1 | 2 | |a A guide to teaching practice / |c Louis Cohen, Lawrence Manion, Keith Morrison |
| 250 | |a 4th ed. | ||
| 260 | |a London : |b Routledge, |c 1996 | ||
| 300 | |a 494 p. | ||
| 650 | 0 | 0 | |a Student teaching |z Great Britain. |
| 650 | 0 | 0 | |a Teachers |x Training of |z Great Britain. |
| 700 | 1 | |a Manion, Lawrence. | |
| 700 | 1 | |a Morrison, Keith |q (Keith R. B.) | |
| 852 | |a INST |b RHODES |e 19991203 |h 370.733 COH |p 005400011896 |q 005400011896 |t BK |y 0 | ||
| 901 | |a BIBL4-1999-3 | ||
| 909 | |a Ρ |b 068207 | ||
| 922 | |a 4ΕΛΗ |b 199908 |c ΚΠΣ/154 |d GLORY BOOKS | ||
| 970 | |a ΚΟΥΛΑΚΙΟΤΗ |b ΛΙΤΣΑ |z 1999/12/03 | ||